• 首页
  • 本馆介绍
  • 公告通知
  • 最新文献
  • 馆藏检索
  • 电子资源
  • 读者导购
  • 参考咨询
  • 我的图书馆
  • 登录
  • 详细信息显示
  • 放入我的书架
  • 预约/预借图书
  • 作者相关作品
  • 分类相关作品
  • 丛书相关作品
  • 出版社相关作品

书目信息

  • 表格格式
  • 工作单格式
  • 卡片格式
题名:
马克思关于巴黎公社报刊消息摘录
    
 
作者: 马克思 摘录 ;吴惕安 译
分册:  
出版信息: 北京   商务印书馆  1975
页数: 493页
开本: 20cm
丛书名:
单 册:
中图分类: A164 , A12
科图分类:
主题词: 马克思著作-巴黎公社--专题汇编 , 巴黎公社-马克思著作--专题汇编 , 马恩著作--单行本
电子资源:
ISBN:
000 00761nam0 2200265 45
001 1230683078
005 20120928163316.37
010    @dCNY1.45
100    @a19950724d1975 em y0chiy0121 ea
101 1  @achi
102    @aCN@b110000
105    @ay z 000yy
200 10 @a马克思关于巴黎公社报刊消息摘录@Ama ke si guan yu ba li gong she bao kan xiao xi zhai lu@f马克思摘录@g吴惕安等译
210    @a北京@c商务印书馆@d1975
215    @a493页@d20cm
606 0  @a马克思著作-巴黎公社@x专题汇编
606 0  @a巴黎公社-马克思著作@x专题汇编
606 0  @a马恩著作@x单行本
690    @aA164@v3
690    @aA12@v4
701  1 @a马克思@Ama ke si@bK.@4摘录
702  0 @a吴惕安@Awu ti an@4译
801  0 @aCN@bTSSF
801  2 @aCN@bNLC
905    @a10447@dA12@eJY6
    
    马克思关于巴黎公社报刊消息摘录/马克思摘录/吴惕安等译.-北京:商务印书馆,1975
    493页;20cm
    
    
    ISBN :CNY1.45
    
●
相关链接 在E读中查询图书 在五车中查询图书 在当当中查询图书 在豆瓣中查询图书


正题名:马克思关于巴黎公社报刊消息摘录     索取号:A12/JY6         预约/预借

序号 登录号 条形码 馆藏地/架位号 状态 备注
1 7800172   278001724   学院路分馆/ [索取号:A12/JY6] 在馆    
唐山师范学院图书馆 欢迎您!
大连网信软件有限公司© 版权所有